Normal view
MARC view
Entry Personal Name
001 - CONTROL NUMBER
- control field: 31258
003 - CONTROL NUMBER IDENTIFIER
- control field: dpl
005 - DATE AND TIME OF LATEST TRANSACTION
- control field: 20110804122752.0
008 - FIXED-LENGTH DATA ELEMENTS
- fixed length control field: 110804|||a|||||| | ||| d
040 ## - CATALOGING SOURCE
- Original cataloging agency: dpl
- Transcribing agency: dpl
100 ## - HEADING--PERSONAL NAME
- Personal name: ऋतु सिंह
670 ## - SOURCE DATA FOUND
- Source citation: Work cat.: (dpl): भारती जगन्नाथन 31255, यह भी कोई खाना है ? /, 2009
670 ## - SOURCE DATA FOUND
- Source citation: Work cat.: (dpl): भारती जगन्नाथन 31255, यह भी कोई खाना है ? /, 2009
